1975 1370 1072 1204 1432 1814 1026 1660 1318 1302 1989 1135 1431 1668 1061 1527 1619 1438 1298 1795 1707 1898 1608 1817 1708 1262 1378 1277 1423 1460 1192 1519 1885 1503 1600 1914 1907 1039 1368 1442 1975 1773 1102 1161 1995 1009 1609 2000 1486 1676 1800 1392 1400 1222 1287 1845 1368 1614 1667 1996 1397 1850 1534 1499 1351 1105 1764 1858 1929 1933 1744 1477 1394 1583 1866 1724 1584 1268 1422 1137 1943 1925 1740 1871 1863 1885 1580 1718 1453 1035 1880 1582 1333 1581 1618 1529 1961 1267 1235 BCNSPRNW ULIB Ver.6.0+V

เปลี่ยนเป็นภาษาไทย

Change to English
 แสดงรายละเอียดบรรณานุกรม
  กลับหน้าหลัก

Brief Record : Get Marc (ISO 2709) : E-mail record : QR code < ปิดหน้าต่าง
LEADER : 00000nam 2200000uu 4500
001    13399114583
003     ULIB
008    120418s2549||||th 000 0 tha d
020    ^a9749984854
090    ^aนว.^bณ111ล 2549
100 0  ^aฌามิวอาห์
245 00 ^aลานแก้ว...มันตรา/^cฌามิวอาห์
250    ^aพิมพ์ครั้งที่ 1
260    ^aกรุงเทพฯ :^bแจ่มใส^c2549
300    ^a349 หน้า
710 1  ^aแจ่มใส
945    ^p219^l0^i14043
995    ^aกัณชพร
999    ^aใช้งานได้ทุกระบบ
รายการนี้ยังไม่มีแท็ก
คุณยังไม่ได้ล็อกอิน คุณสามารถมีกิจกรรมร่วมกับเว็บไซต์ได้ แต่ต้องล็อกอินก่อน ::
  ล็อกอิน

รายการสื่อสารสนเทศ

ลำดับที่ ประเภท เลขเรียก/บาร์โค้ด สถานที่ สถานะ
1. วิทยาศาสตร์การแพทย์ และสุขภาพ
วิทยาศาสตร์การแพทย์ และสุขภาพ
นว. ณ111ล 2549  
  Barcode: 14043
ห้องสมุดวิทยาเขตสวรรค์ประชารักษ์
►นวนิยาย
บนชั้น
  ขอยืม

รายการใกล้เคียง
    ผู้แต่ง [ฌามิวอาห์]

BibComment


ยังไม่เคยถูกคอมเมนท์

คอมเมนท์ทรัพยากรรายการนี้
  คอมเมนท์: ลานแก้วมันตรา ฌา..


 Copyright 2026. Bcnsprnw @Library